Geologic map of southwestern Pennsylvania. (Record no. 25525)

MARC details
000 -LEADER
fixed length control field 00948cam a22002651 4500
001 - CONTROL NUMBER
control field gs 15000427
003 - CONTROL NUMBER IDENTIFIER
control field DLC
005 - DATE AND TIME OF LATEST TRANSACTION
control field 20260227111317.0
008 - FIXED-LENGTH DATA ELEMENTS--GENERAL INFORMATION
fixed length control field 790410s1914 paubf s000 0 eng c
010 ## - LIBRARY OF CONGRESS CONTROL NUMBER
LC control number gs 15000427
035 ## - SYSTEM CONTROL NUMBER
System control number (OCoLC)4841524
040 ## - CATALOGING SOURCE
Original cataloging agency U.S. Geological Survey. Library
Transcribing agency NcRS
Modifying agency NcRS
-- DLC
042 ## - AUTHENTICATION CODE
Authentication code premarc
043 ## - GEOGRAPHIC AREA CODE
Geographic area code n-us-pa
050 00 - LIBRARY OF CONGRESS CALL NUMBER
Classification number GA61.P4
Item number A5 no. 2
110 1# - MAIN ENTRY--CORPORATE NAME
Corporate name or jurisdiction name as entry element Pennsylvania.
Subordinate unit Topographic and Geologic Survey Commission.
245 10 - TITLE STATEMENT
Title Geologic map of southwestern Pennsylvania.
260 ## - PUBLICATION, DISTRIBUTION, ETC.
Place of publication, distribution, etc. Harrisburg, Pa.,
Name of publisher, distributor, etc. W. S. Ray, State Printer,
Date of publication, distribution, etc. 1914.
300 ## - PHYSICAL DESCRIPTION
Extent 30 p.
Other physical details 10 plates (part col., incl. maps)
Dimensions 24 cm.
490 1# - SERIES STATEMENT
Series statement Its Report
Volume/sequential designation no. 2
500 ## - GENERAL NOTE
General note At head of title: Topographic and Geologic Survey of Pennsylvania.
500 ## - GENERAL NOTE
General note Text and plates are in portfolio.
650 #0 - SUBJECT ADDED ENTRY--TOPICAL TERM
Topical term or geographic name entry element Geology
Geographic subdivision Pennsylvania.
810 1# - SERIES ADDED ENTRY--CORPORATE NAME
Corporate name or jurisdiction name as entry element Pennsylvania.
Subordinate unit Topographic and Geologic Survey Commission.
Title of a work Report
Volume/sequential designation no. 2.

No items available.

Powered by Koha